Restored Monarchies - Statistics

General Stats
  • This quiz has been taken 183 times
  • The average score is 5 of 9
Answer Stats
Interregnum Answer % Correct
1649-1660 England
87%
1792-1804, 1848-1852 France
85%
1873-1874, 1931-1978 Spain
84%
509-27BC Rome
75%
1924-1935, 1941-1944 Greece
72%
1970-1993 Cambodia
41%
1823-1864 Mexico
33%
1925-1928 Albania
18%
1806-1811, 1820-1849 Haiti
8%
No matching quizzes found
Score Distribution
Percent of People with Each Score
Percentile by Number Answered
Your Score History
You have not taken this quiz